| 000 | 01282nam a22002777a 4500 | ||
|---|---|---|---|
| 005 | 20210325191453.0 | ||
| 008 | s2539 th tha d | ||
| 020 | _a9748940918 | ||
| 041 | _atha | ||
| 090 | _aว LB3610 ด733ก 2539 | ||
| 100 | 0 | _aดุษณี สุทธปรียาศรี | |
| 245 | 1 | 0 | _aกระบวนการปลูกฝังค่านิยมและวิถีชีวิตประชาธิปไตยในสถาบันอุดมศึกษา |
| 260 | 3 |
_aม.ป.ท. : _bม.ป.พ., _c2539 |
|
| 300 |
_a144 หน้า : _b ตาราง ; _c 30 ซม. |
||
| 650 | 0 | 4 | _aประชาธิปไตย |
| 650 | 0 | 4 | _aค่านิยม |
| 650 | 0 | 4 | _aนักประชาธิปไตย -- คุณสมบัติ |
| 650 | 0 | 4 | _aนักศึกษา -- กิจกรรมทางการเมือง |
| 650 | 0 | 4 | _aนักศึกษากับประชาธิปไตย |
| 650 | 0 | 4 | _aบุคลิกภาพประชาธิปไตย |
| 700 | 0 | _aดุษณี สุทธปรียาศรี | |
| 850 | _aNALT | ||
| 942 | _cRSH | ||
| 997 |
_c000000000028527 _kVC |
||
| 998 | _aนางสาวสายฝน ดีงาม | ||
| 999 |
_c28527 _d28527 |
||